Zollinger's Atlas of Surgical Operations (Record no. 224)

MARC details
000 -LEADER
fixed length control field 00953cam a22003134a 4500
001 - CONTROL NUMBER
control field 16157503
003 - CONTROL NUMBER IDENTIFIER
control field OSt
005 - DATE AND TIME OF LATEST TRANSACTION
control field 20210501153542.0
008 - FIXED-LENGTH DATA ELEMENTS--GENERAL INFORMATION
fixed length control field 100325s2011 nyua b 001 0 eng
010 ## - LIBRARY OF CONGRESS CONTROL NUMBER
LC control number 2010012897
016 7# - NATIONAL BIBLIOGRAPHIC AGENCY CONTROL NUMBER
Record control number 101527368
Source DNLM
020 ## - INTERNATIONAL STANDARD BOOK NUMBER
International Standard Book Number 9780071602266
020 ## - INTERNATIONAL STANDARD BOOK NUMBER
International Standard Book Number 0071602267
035 ## - SYSTEM CONTROL NUMBER
System control number (OCoLC)ocn592450907
040 ## - CATALOGING SOURCE
Original cataloging agency DNLM/DLC
Transcribing agency DLC
Modifying agency YDX
-- NLM
-- YDXCP
-- DNJ
-- CDX
-- DLC
042 ## - AUTHENTICATION CODE
Authentication code pcc
050 00 - LIBRARY OF CONGRESS CALL NUMBER
Classification number RD41
Item number .Z65 2011
082 00 - DEWEY DECIMAL CLASSIFICATION NUMBER
Classification number WO517 Z75a 2011
100 1# - MAIN ENTRY--PERSONAL NAME
Personal name Zollinger, Robert Milton; Ellison, E. Christopher.
9 (RLIN) 597
245 10 - TITLE STATEMENT
Title Zollinger's Atlas of Surgical Operations
250 ## - EDITION STATEMENT
Edition statement 9th ed.
260 ## - PUBLICATION, DISTRIBUTION, ETC. (IMPRINT)
Place of publication, distribution, etc. New York :
Name of publisher, distributor, etc. McGraw-Hill Medical,
Date of publication, distribution, etc. c2011.
300 ## - PHYSICAL DESCRIPTION
Extent v, 506 p. :
Other physical details col. ill. ;
Dimensions 37 cm.
504 ## - BIBLIOGRAPHY, ETC. NOTE
Bibliography, etc Includes bibliographical references and index.
650 #0 - SUBJECT ADDED ENTRY--TOPICAL TERM
Topical term or geographic name as entry element Surgery, atlas
9 (RLIN) 598
650 12 - SUBJECT ADDED ENTRY--TOPICAL TERM
Topical term or geographic name as entry element Surgical Procedures
9 (RLIN) 601
906 ## - LOCAL DATA ELEMENT F, LDF (RLIN)
a 7
b cbc
c orignew
d 1
e ecip
f 20
g y-gencatlg
942 ## - ADDED ENTRY ELEMENTS (KOHA)
Source of classification or shelving scheme Other/Generic Classification Scheme
Koha item type Book Bank
Holdings
Withdrawn status Lost status Source of classification or shelving scheme Damaged status Not for loan Home library Current library Date acquired Source of acquisition Inventory number Total Checkouts Full call number Barcode Date last seen Koha item type Date last checked out
    Other/Generic Classification Scheme     MUST Main Library MUST Main Library 16/07/2014 Purchase 12/36334   WO 517 Z75a 2011 2014-0812 16/07/2014 Book Bank  
    Other/Generic Classification Scheme     MUST Main Library MUST Main Library 16/07/2014 Purchase 12/36335 1 WO 517 Z75a 2011 2014-0813 13/12/2022 Book Bank 08/11/2022
    Other/Generic Classification Scheme     MUST Main Library MUST Main Library 16/07/2014 Purchase 12/36332   WO 517 Z75a 2011 2014-0815 16/07/2014 Book Bank  
    Other/Generic Classification Scheme     MUST Main Library MUST Main Library 16/07/2014 Purchase 12/36331 3 WO 517 Z75a 2011 2014-0816 04/01/2022 Book Bank 02/11/2021
    Other/Generic Classification Scheme     MUST Main Library MUST Main Library 16/07/2014 Purchase 12/36333   WO 517 Z75a 2011 2014-0817 16/07/2014 Book Bank